| 000 | 01572cam a22002891i 4500 | ||
|---|---|---|---|
| 003 | SA-RiAUC | ||
| 005 | 20250821043222.0 | ||
| 008 | 250819s1984 ua g f000 0 ara c | ||
| 040 |
_aSA-JeALM _bara _cSA-RiAUC _erda |
||
| 082 | 0 | 4 |
_a415.1 _qSA-RiAUC |
| 090 |
_a415.1 _bا س ن |
||
| 100 | 1 |
_aالإسنوي، عبد الرحيم بن الحسن بن علي، _d704-772 هجري _eمؤلف. |
|
| 245 | 1 | 2 |
_aالكوكب الدري في تخريج الفروع الفقهية على المسائل النحوية / _cجمال الدين أبو محمد عبد الرحيم بن الحسن الإسنوي ؛ تحقيق عبد الرزاق السعدي ؛ مراجعة عبد الستار أبو غدة. |
| 250 | _aالطبعة الأولى. | ||
| 264 | 1 |
_aالقاهرة : _bوزارة الأوقاف والشؤون الإسلامية، _c1984. |
|
| 300 |
_a622 صفحة ؛ _c24 سم |
||
| 336 |
_aنص _btxt _2rdacontent _3كتاب |
||
| 337 |
_aبدون وسيط _bn _2rdamedia |
||
| 338 |
_aمجلد _bnc _2rdacarrier |
||
| 490 |
_aاعمال موسوعية مساعدة _v5 |
||
| 650 | 7 |
_aاللغة العربية _xنحو _2aucsh |
|
| 700 | 1 | 2 |
_iتحقيق لـ : _aالإسنوي، عبد الرحيم بن الحسن بن علي، _d704-772 هجري. _tالكوكب الدري في تخريج الفروع الفقهية على المسائل النحوية |
| 700 | 1 |
_aالسعدي، عبد الرزاق _eمحقق. |
|
| 700 | 1 |
_aأبو غدة، عبد الستار، _d1940-2020 _eمراجع. |
|
| 942 |
_2ddc _cBOOK _n0 |
||
| 949 |
_aSA-JeALM _d250819 _uosman123 _n1 |
||
| 999 |
_c10990 _d10990 |
||